| 000 | 00674nam a22001937a 4500 | ||
|---|---|---|---|
| 003 | OSt | ||
| 005 | 20260216052637.0 | ||
| 008 | 260216b |||||||| |||| 00| 0 eng d | ||
| 020 | _a 978-621-478-084-6 | ||
| 040 |
_aDWC-Main lib _cOC |
||
| 082 | _aCirc. 610.734 3 C744c 2024 | ||
| 100 | _aConcorde, Emily DC. | ||
| 245 |
_aCommunity health nursing 2: _b population groups and communities as clients/ _cEmily DC. Concorde |
||
| 260 |
_aManila, Philippines: _bEDRIC Publishing House, _cc2024. |
||
| 300 |
_a117 pages: _billustrations; _c21 cm. |
||
| 504 | _aIncludes appendix and bibliographical references. | ||
| 650 | _a1. Nursing | ||
| 942 |
_2ddc _cBK-CIRC _kCirc. _n0 |
||
| 999 |
_c8415 _d8415 |
||